000 03560cam a22007454i 4500
003 PE-LiUPU
005 20250731170449.0
008 150706s1990 mx a rb 000 0 spa d
020 _a9682435927
020 _a9789682435928
035 _a(Sirsi) i9789682435928
040 _aPE-LiUPU
_bspa
_cPE-LiUPU
_dPE-LiUPU
_erda
049 _aPRUA
082 0 4 _a155.423
_bM26 1991
082 0 4 _a155.423
_bM962009
_221
100 1 _aMussen, Paul Henry,
_eautor.
245 1 0 _aDesarrollo de la personalidad en el niño /
_cPaul Henry Mussen, John Janeway Conger, Jerome Kagan.
250 _a3ra edición.
264 1 _aMéxico :
_bTrillas,
_c1990, reimp.2009.
300 _a563 páginas :
_bilustraciones ;
_c25 centímetros
336 _atext
_2rdacontent
337 _aunmediated
_2rdamedia
338 _avolume
_2rdacarrier
500 _aTraducción de: Child development and personality.
504 _aIncluye bibliografía.
505 0 _aEl periodo prenatal -- Factores genéticos y prenatales del desarrollo -- Los dos primeros años -- Cambios biológicos en la infancia -- La experiencia social y el infante -- El lenguaje y el desarrollo cognoscitivo -- El desarrollo del lenguaje -- El desarrollo cognoscitiva -- La teoría cognoscitiva y el concepto de inteligencia -- Los años de la niñez -- La personalidad y el desarrollo social: socialización en la familia -- Influencias extra familiares en la socialización -- La adolescencia -- La adolescencia: cambio físico, sexo y desarrollo social -- Adolescencia: identidad, valores y alienación.
526 _aSEG68
526 _aSEG70
526 _aSEG69
526 _aSEG67
526 _aSEG43
526 _aP144
526 _aP143
526 _aP131
526 _aP122
526 _aP120
526 _aP117
526 _aP112
526 _aP110
526 _aP106
526 _aP101
526 _aP80
526 _aP59
526 _aP54
526 _aP35
526 _aP33
526 _aP30
541 _g001-0031615;
650 0 4 _aNiños Psicología.
650 0 4 _aPersonalidad.
_91760
700 1 _aConger, John Janeway,
_eautor.
700 1 _aKagan, Jerome,
_eautor.
910 _bjv
_clch
_d20100611
910 _btqv
_cwelc
_d20160908
942 _2ddc
_cBOOK
949 _a155.423 M96 1991
_wDEWEY
_c1
_iFJ01970
_lCCODEBUJ1
_mBUJ
_p21.12
_r0
_sY
_tBOOK
_u2016-9-8
_xSALUD
_PP33
_0COMPRA
_o.STAFF. Colección General Juliaca
949 _a155.423 M96 1991
_wDEWEY
_c2
_iFJ08544
_lCCODEBUJ1
_mBUJ
_p21.12
_r0
_sY
_tBOOK
_u2017-08-21
_xSALUD
_PP33
_0COMPRA
_o.STAFF. Colección General Juliaca
949 _a155.423 M96 2009
_wDEWEY
_c1
_i61776
_d2016-9-25
_e2016-9-22
_lCCODEBUL1
_mBUL
_n13
_p43.00
_r0
_sY
_tBOOK
_u2015-7-6
_xSALUD
_PP33
_0COMPRA
_o.STAFF. Colección Ciencias de la Salud
994 _aC0
_bPEPRU
596 _a1 3
999 _a155.423 M96 2009
_wDEWEY
_c50940
_i61776
_d50940
_e2018-10-31
_f2021-11-3
_g5
_lCCODEBUL1
_mBUL
_n17
_p43.00
_q2
_r0
_sY
_tBOOK
_u2015-7-6
_xSALUD
_zP33
_0COMPRA
_o.STAFF. Colección Ciencias de la Salud
999 _a155.423 M96 1991
_wDEWEY
_c1
_iFJ01970
_d2018-5-22
_f2022-1-17
_g4
_lCCODEBUJ1
_mBUJ
_p21.12
_q3
_r0
_sY
_tBOOK
_u2016-9-8
_xSALUD
_PP33
_0COMPRA
_o.STAFF. Colección General Juliaca
999 _a155.423 M96 1991
_wDEWEY
_c2
_iFJ08544
_d2018-9-13
_e2018-9-10
_f2022-1-17
_g4
_lCCODEBUJ1
_mBUJ
_n3
_p21.12
_q9
_r0
_sY
_tBOOK
_u2017-8-21
_xSALUD
_PP33
_0COMPRA
_o.STAFF. Colección General Juliaca
980 _81
_gALBERTO SANCHEZ Responsable de Automatización